000 00733nam a2200205 a 4500
008 081015s2000 ||||||||||||||||| || u
020 _a0821347705
050 _aIBRD(08)TP
100 _aHirschhorn, Nancy
245 1 0 _aFood safety issues in the developing world
260 _aWashington, D.C.
_bWorld Bank
_c2000
300 _aix, 72p.: ill.
350 _a0.00
490 _aWorld Bank Technical Papers
650 _aFOOD SUPPLY-- DEVELOPING COUNTRIES
650 _aFOOD SECURITY--DEVELOPING COUNTRIES
700 _aUnnevehr, Laurian
710 _aWorld Bank
995 _D0.00
_FCBU-MAIN LIBRARY (Kitwe)
_H1
_I0.00
_M469
_UAVAILABLE
_WOct 15, 2008
_ZInternational Publications
999 _c43682
_d43682